Nazwy wsi w powiecie suwalskim kończącym się na -szki - Statystyki

Ogólne statystyki
  • Ten quiz został rozwiązany 15 razy
  • Średni wynik to 2 z 15
Statystyki odpowiedzi
gmina Wieś % Poprawnych
Szypliszki Szypliszki
80%
Rutka-Tartak Ejszeryszki
33%
Jeleniewo Prudziszki
33%
Suwałki Burdeniszki
20%
Przerośl Iwaniszki
20%
Przerośl Kruszki
20%
Jeleniewo Gulbieniszki
13%
Szypliszki Zaboryszki
7%
Rutka-Tartak Bondziszki
0%
Wiżajny Burniszki
0%
Wiżajny Jegliniszki
0%
Rutka-Tartak Kadaryszki
0%
Filipów Mieruniszki
0%
Bakałarzewo Nieszki
0%
Rutka-Tartak Wierzbiszki
0%
Nie znaleziono quizów pasujących do podanych kryteriów
Rozkład punktacji
Procent ludzi z każdym wynikiem
Percentyl według liczby udzielonych odpowiedzi
Twoja historia wyników
Nie rozwiązałeś tego quizu